Personnel managing human resources

Salvato in:
Dettagli Bibliografici
Autore principale: Sloane, N.J.A
Natura: Libro
Lingua:inglese
Pubblicazione: Englewood Cliffs Prentice-Hall, Inc. 1983
Soggetti:
Tags: Aggiungi Tag
Nessun Tag, puoi essere il primo ad aggiungerne!!

MARC

LEADER 00000nam a2200000 4500
001 c101292
005 20221123135642.2
020 |a 0-13-658278-8 
041 0 |a eng 
044 |a US 
245 1 0 |a Personnel  |b managing human resources  |c Arthur A. Sloane 
264 1 |a Englewood Cliffs  |b Prentice-Hall, Inc.  |c 1983 
300 |a 619 s. 
610 2 0 |a zdroje ľudské 
610 2 0 |a riadenie 
610 2 0 |a personál 
610 2 0 |a zamestnanci 
610 2 0 |a práca 
610 2 0 |a miesta pracovné 
610 2 0 |a motivácia pracovná 
610 2 0 |a zamestnanosť 
610 2 0 |a manažment 
610 2 0 |a mzdy 
610 2 0 |a dôchodky 
610 2 0 |a vzťahy pracovné 
100 1 |a Sloane, N.J.A.